Quizzes
Events
Quiz Creation
Community
Videos
Private Events
Remove Ads
Sign In
Join for FREE
Feedback
Dark Mode
Quiz Categories
Sports
Geography
Music
Movies
Television
Just For Fun
Miscellaneous
History
Literature
Language
Science
Gaming
Entertainment
Religion
Holiday
For Kids
Quiz Lab
Recent
Popular Today
Quiz Kudos Today
Editor Picks
Curator Picks
Quizzes by...
Day
Popularity
Type
Ratings
Length
Year
Community
Subscriptions
Recent Discussions
Orange Saloon
Badges
Playlists
Quests
Create
Leaderboards
Showdown
Live 5
Trivia Bingo
Activity
Puzzle Library
Sporcle Events
Private Events
Virtual Trivia
Globe League
Become a Host
Pub Owners
SporcleCon
Opinionation
Our Games
Videos
Blog
Mobile Apps
Partnerships
Remove Ads and Go Orange
Feedback
Sports
Athletes
MLB
NBA
NHL
NFL
Soccer
Sports Teams
WWE
NCAA
Football
Premier League
Basketball
Baseball
Hockey
Golf
Tennis
Cricket
Rugby
Auto Racing
Olympics
World Cup
Sports
Athletes
MLB
NBA
NHL
NFL
Soccer
Sports Teams
WWE
NCAA
Football
Premier League
Basketball
Baseball
Hockey
Golf
Tennis
Cricket
Rugby
Auto Racing
Olympics
World Cup
Random Quiz
Search Sporcle
×
Quiz Lab
Quiz Lab
Sports
NFL
Type in answers that appear in a list
Type in answers that appear in a list
Classic
Best Score? Go Orange.
1992 Topps Football Hall of Famers Stats
Can you name the Pro Football Hall of Famers that appeared in the 1992 Topps Football Card Set?
By
jaysee
8m
50 Questions
327 Plays
327 Plays
327 Plays
Comments
Comments
Give Quiz Kudos
Give Quiz Kudos
-
- Ratings
hide this ad
More Info
Replay
Link that replays current quiz
Next Quiz
Link to next quiz in quiz playlist
You Got
0%
They Got
Avg Score
66%
Avg Friend Score
Upgrade to see
Score Distribution
Jump to the score distribution portion of the page
Score
0/50
Timer
08:00
0
Plays Today
Card #
Player
% Correct
719
Joe Montana
98.8%
125
John Elway
98.2%
180
Emmitt Smith
98.2%
320
Thurman Thomas
98.2%
191
Steve Young
97.9%
459
Derrick Thomas
97.9%
693
Bruce Smith
97.9%
696
Brett Favre
97.8%
300
Barry Sanders
97.6%
665
Jerry Rice
97.6%
682
Dan Marino
97.6%
25
Marcus Allen
97.2%
340
Michael Irvin
97.2%
692
Deion Sanders
96.9%
744
Troy Aikman
96.9%
70
Warren Moon
96.6%
427
Morten Andersen
96.1%
733
Jim Kelly
96%
756
Lawrence Taylor
96%
741
Andre Reed
95.6%
162
Reggie White
94.8%
612
Tim Brown
93.3%
674
Junior Seau
93.3%
345
Art Monk
92.4%
200
Rod Woodson
91.1%
Card #
Player
% Correct
687
Mike Singletary
91.1%
380
Anthony Munoz
90.5%
572
Steve Atwater
88.2%
128
Richard Dent
87.2%
239
Bruce Matthews
85.3%
570
Darrell Green
84.4%
155
Rickey Jackson
83.2%
8
Cortez Kennedy
82.2%
124
Howie Long
82%
59
Aeneas Williams
81.1%
350
Ronnie Lott
79.5%
633
James Lofton
77.7%
461
LeRoy Butler
71.4%
50
Sam Mills
71.4%
493
Charles Haley
71.1%
140
Kevin Greene
70%
314
Dermontti Dawson
70%
585
Chris Doleman
64.4%
123
Mike Munchak
63.6%
443
Jackie Slater
63%
540
Andre Tippett
59.9%
338
Randall McDaniel
52.3%
709
Eric Dickerson
51.4%
487
Gary Zimmerman
48.9%
552
Cris Carter
42.2%
Quiz Playlist
Details
Report
Send in Message
Add To Playlist
More Info:
Can you name all 50 Pro Football Hall of Famers that appeared in the 1992 Topps football card set? Positions and teams are as depicted on the cards.
Classic:
Type in answers that appear in a list
Quiz Source
Last Updated: Jan 8, 2023
Quiz Scoreboard
CHALLENGE
Sign Up to Join the Scoreboard
Show All
Scores
Hide
Comments
May contain spoilers
Recently Published
9x9 Crossword: Cartoon Network
by jackfrog10
Miscellaneous
3m
College Basketball Coaching Resumes
by pancakes188
Sports
9m
Billboard Blitz: Fleetwood Mac
by CooCooCachoo
Music
15s
More to Explore
Quiz From the Vault
Featured Blog Post
Where Did the Easter Bunny Come From?
hide this ad
You Might Also Like...
Tags
Baseball Quiz
Football Quiz
NFL Quiz
1992
Hall of Fame
hof
Today's Top Quizzes in Sports
Browse Sports
hide this ad
Today's Top Quizzes in NFL
Browse NFL
Top Contributed Quizzes in Sports
1
2022 World Cup Stars
2
Les meilleurs buteurs des matchs entre le PSG et l’OM
3
FIFA Club World Cup Champions
4
Les entraîneurs de l'OM et du PSG au 21e siècle
5
Criteria MLB: Left Handed Sluggers
6
AFC Teams Reveal (Wrong Answers Minefield)
7
2023 MLB Unique Player Accomplishments
8
Players with Multiple 50 Home Run Seasons
9
5-to-1: FBS Animal Nicknames
10
5-to-1: UK Sports Teams
Explore More
Trending Topics
Harry Potter
Disney
Marvel
NBA
Anime
Crossword
Kpop
Pokémon
NFL
Country
Puzzle
WWE
Soccer
The Office
Song
hide this ad
More By:
jaysee
Quiz
Plays
Rating
Category
Featured
Created
NBA All-Stars by Current Team
968,876
4.20
Sports
Feb 2, 2011
MLB Most Seasons with 20+ HR
57,093
4.50
Sports
Oct 8, 2013
Three-Word Bands Slot Machine III
37,064
4.32
Music
Nov 29, 2010
MLB - Opening Day All-Star Lineups
14,066
4.81
Sports
Dec 3, 2013
NFL - Top 5 Career Rushing Yards Per Draft
12,842
4.76
Sports
Nov 2, 2012
Go to Creator's Profile
Score Distribution
Quiz Creator Spotlight
jaysee
Follow
Send a Message
Quizzes Created
-
Created Quiz Play Count
-
More By This Creator
Popular Quizzes Today
1
Find the US States - No Outlines Minefield
2
Find the Countries of Europe - No Outlines Minefield
3
The Countries of the World
4
Find the US States
5
Risky Map Clicking: Biggest States A-Z
6
US States
7
Popular People in 1961
8
Movies - When Are They Set?
More Sports Quizzes
NCAA Profile: Villanova
Published
Trending Quizzes
Risky Map Clicking: Least Populous States A-Z
1-10 Letter G Words
1-10 Letter F Words
Risky Map Clicking: Next State Alphabetically
Adjectives in 80s TV Shows
Recently Updated
Leaping Animals
pecheneg
Reality TV Shows (A-Z)
bhenderson79
Rickey Henderson's Hall of Fame Teammates
pecheneg
Champions League XIs: Arsenal
pecheneg
Quick Pick: Celebrities in WWE's Hall of Fame
aduchscher
A-Z Keypad Blitz II
pecheneg
Multiple Oscar Actors
pecheneg
Mystery Phrase Blitz: Oscar 'Best Actors'
pecheneg
F. Scott Fitzgerald Novels
LTH
Pick 3 Villains
ddd62291
Trending Topics
Kpop
Anime
Crossword
Marvel
NBA
Harry Potter
Disney
Soccer
Pokémon
Country
WWE
Song
Puzzle
The Office
NFL
Your Account Isn't Verified!
In order to create a playlist on Sporcle, you need to verify the email address you used during registration. Go to your
Sporcle Settings
to finish the process.
Report this User
Report this user for behavior that violates our
Community Guidelines
.
Details:
Send Report
Go to the Sporcle.com Mobile Site →
Comments